Score 0/13 Timer 05:00
0 Plays Today
% Correct
India
97.8%
Iran
95.7%
Pakistan
95.7%
Nepal
95.7%
Bangladesh
95.7%
Thailand
95.7%
Afghanistan
93.5%
Myanmar
93.5%
Ethiopia
91.3%
Japan
84.8%
North Korea
80.4%
Israel
80.4%
Taiwan
47.8%
Remove Ads.
Support Sporcle.
Get the best of Sporcle when you Go Orange. This ad-free experience offers more features, more stats, and more fun while also helping to support Sporcle. Thank you for becoming a member.

You're not logged in!

Compare scores with friends on all Sporcle quizzes.
OR
Log In

Show Comments

Extras

Top Quizzes Today


Score Distribution

Your Account Isn't Verified!

In order to create a playlist on Sporcle, you need to verify the email address you used during registration. Go to your Sporcle Settings to finish the process.

Report this User

Report this user for behavior that violates our Community Guidelines.

Details: